000 00337nam a2200133Ia 4500
005 20251222144644.0
008 251222s9999||||xx |||||||||||||| ||spa||
020 _a978-612-4030-50-5
082 _a005.133/C82
100 _aCortez Vásquez, Augusto
245 0 _aLenguajes y Traductores
264 _bFondo Editorial UCSS
942 _cLIB
999 _c16784
_d16784